| Tag |
First Indicator |
Second Indicator |
Subfields |
| LEADER |
00000cam a2200000 a 4500 |
| 001 |
in00000018496 |
| 005 |
20151007053246.0 |
| 008 |
870807s1987 ncua 00110 eng |
| 010 |
|
|
|a 87163385
|
| 020 |
|
|
|a 0874551064 (pbk.) :
|c $12.95
|
| 035 |
|
|
|a (OCoLC)16676615
|
| 035 |
|
|
|9 AAB0996AM
|
| 040 |
|
|
|a DLC
|c DLC
|d TXA
|d UtOrBLW
|
| 049 |
|
|
|a TXAM
|c [A11084543]
|
| 050 |
0 |
0 |
|a HF5548.4.L67
|b W65 1987
|
| 082 |
0 |
|
|a 005.36/9
|2 19
|
| 100 |
1 |
|
|a Wolf, Douglas,
|d 1948-
|
| 245 |
1 |
0 |
|a Compute!'s quick & easy guide to learning Lotus 1-2-3 /
|c Doug Wolf.
|
| 264 |
|
1 |
|a Greensboro, N.C. :
|b Compute! Publications,
|c [1987]
|
| 264 |
|
4 |
|c ©1987
|
| 300 |
|
|
|a vi, 139 pages :
|b illustrations ;
|c 23 cm.
|
| 336 |
|
|
|a text
|b txt
|2 rdacontent
|
| 337 |
|
|
|a unmediated
|b n
|2 rdamedia
|
| 338 |
|
|
|a volume
|b nc
|2 rdacarrier
|
| 500 |
|
|
|a Includes index.
|
| 630 |
0 |
0 |
|a Lotus 1-2-3 (Computer file)
|
| 650 |
|
0 |
|a Business
|x Data processing.
|
| 650 |
|
0 |
|a Electronic spreadsheets.
|
| 740 |
0 |
|
|a Quick and easy guide to learning Lotus 1-2-3.
|
| 999 |
|
|
|a MARS
|
| 999 |
f |
f |
|s cf29ba03-cfd0-3260-a26a-c2a4caae54df
|i 201a9829-b65e-38e4-909c-61b7f5f2e273
|t 0
|
| 952 |
f |
f |
|p normal
|a Texas A&M University
|b College Station
|c Sterling C. Evans Library
|d Evans: Library Stacks
|t 0
|e HF5548.4.L67 W65 1987
|h Library of Congress classification
|i unmediated -- volume
|m A14811084543
|
| 998 |
f |
f |
|a HF5548.4.L67 W65 1987
|t 0
|l Evans: Library Stacks
|